Getting the right people to do the right job (Record no. 78081)
[ view plain ]
| 000 -LEADER | |
|---|---|
| fixed length control field | 00834cab a2200193 4500 |
| 001 - CONTROL NUMBER | |
| control field | L135959 |
| 008 - FIXED-LENGTH DATA ELEMENTS--GENERAL INFORMATION | |
| fixed length control field | 061220n2006 000 0 eng u |
| 035 ## - SYSTEM CONTROL NUMBER | |
| System control number | (Sirsi) u135959 |
| 041 0# - LANGUAGE CODE | |
| Language code of text/sound track or separate title | eng |
| 100 1# - MAIN ENTRY--PERSONAL NAME | |
| Personal name | Pearson, David |
| 245 00 - TITLE STATEMENT | |
| Title | Getting the right people to do the right job |
| 260 ## - PUBLICATION, DISTRIBUTION, ETC. | |
| Date of publication, distribution, etc. | 2006 |
| 490 #0 - SERIES STATEMENT | |
| Series statement | Facilities Management |
| Volume/sequential designation | 14(3) December 2006, 22-23(2) |
| 520 ## - SUMMARY, ETC. | |
| Summary, etc. | Discusses the need for facilities managers to ensure that service providers and their subcontractors supply staff that meet their standards, and do not pose a security threat. The quality of staff to be employed by a specialist service provider becomes an important factor at both pre-qualification stage and eventual tender evaluation. |
| 590 ## - LOCAL NOTE (RLIN) | |
| Local note | KA |
| 651 #4 - SUBJECT ADDED ENTRY--GEOGRAPHIC NAME | |
| Geographic name | United Kingdom |
| Chronological subdivision | |
| 690 ## - LOCAL SUBJECT ADDED ENTRY--TOPICAL TERM (OCLC, RLIN) | |
| Topical term or geographic name as entry element | MANAGEMENT-FACILITIES MANAGEMENT |
| 942 ## - ADDED ENTRY ELEMENTS (KOHA) | |
| Suppress in OPAC | 0 |
| Withdrawn status | Lost status | Source of classification or shelving scheme | Damaged status | Not for loan | Home library | Current library | Shelving location | Date acquired | Total Checkouts | Full call number | Barcode | Date last seen | Copy number | Price effective from | Koha item type |
|---|---|---|---|---|---|---|---|---|---|---|---|---|---|---|---|
| Dewey Decimal Classification | London | London | Journal article | 20/12/2006 | L135959 | 135959-1001 | 06/08/2019 | 1 | 06/08/2019 | Journal article |